Thatcher government (Record no. 352571)

000 -LEADER
fixed length control field 00537cam a22001697a 4500
008 - FIXED-LENGTH DATA ELEMENTS--GENERAL INFORMATION
fixed length control field 180718b1983 xxu||||| |||| 00| 0 eng d
082 ## - DEWEY DECIMAL CLASSIFICATION NUMBER
Classification number B5x42 R431
100 ## - MAIN ENTRY--PERSONAL NAME
Personal name Riddell, Peter
245 ## - TITLE STATEMENT
Title Thatcher government
Statement of responsibility, etc. by Peter Riddell
260 ## - PUBLICATION, DISTRIBUTION, ETC.
Place of publication, distribution, etc. Oxford
Name of publisher, distributor, etc. Martin Robertson
Date of publication, distribution, etc. 1983
300 ## - PHYSICAL DESCRIPTION
Extent 262p.
500 ## - GENERAL NOTE
General note Bibl.p.247-51
650 ## - SUBJECT ADDED ENTRY--TOPICAL TERM
Topical term or geographic name entry element Great Britain --Politics and government --1979-1997.
650 ## - SUBJECT ADDED ENTRY--TOPICAL TERM
Topical term or geographic name entry element Great Britain --Social policy --1979
650 ## - SUBJECT ADDED ENTRY--TOPICAL TERM
Topical term or geographic name entry element Great Britain --Economic policy --1979-1997
650 ## - SUBJECT ADDED ENTRY--TOPICAL TERM
Topical term or geographic name entry element Thatcher, Margaret
Holdings
Withdrawn status Lost status Damaged status Not for loan Permanent Location Current Location Date acquired Full call number Barcode Date last seen Price effective from Koha item type
        Indian Institute of Public Administration Indian Institute of Public Administration 1993-11-24 B5x42 R431 59985 2018-07-21 2018-07-21 Book

Powered by Koha